Statistics for Luis kolokwium

Click here to take the quiz!

General Stats

  • This quiz has been taken 32 times
  • The average score is 56 of 103

Answer Stats

polskiespañol% Correct
gawędzićcharlar
100%
deformacjadeformación
100%
niszczyć, burzyćdestruir
100%
emisjaemisión
100%
wynaleźćinventar
100%
umeblowaniemobiliario
100%
przyćmiewać wzroknublar la vista
100%
predysponowaćpredisponer
100%
predyspozycjapredisposición
100%
miastourbe
100%
przyzwyczajony doacostumbrado a
67%
budowlaniecalbanil
67%
gościć 3albergar
67%
dywan we wzorkialfombra estampada
67%
duża poduszkaalmohadón
67%
zmiana, zakłóceniealteración
67%
popularny artystaartista de renombre
67%
zatkanyatascado
67%
zagłówekcabecero
67%
przytulnycálido
67%
wykładclase magistral
67%
wymuszona spowiedźconfesión forzada
67%
przypuszczenie 2conjetura
67%
swobodnydesenfadado
67%
krytykantdetractor
67%
gniazdkoenchufe
67%
bagaż podręcznyequipaje de mano
67%
czekać na zmianęesperar turno
67%
nierówna strukturaestructura desigual
67%
wymyślaćfabular
67%
hydraulikfontanero
67%
szczęściefortuna
67%
kapać, przeciekaćgotear
67%
przeciekgotera
67%
intelektualną przyjemnośćgozo intelectual
67%
pęknięcie, szczelinagrieta
67%
krangrifo
67%
gościćhospedar
67%
otwórhueco
67%
wilgośhumedad
67%
zachęcać, namawiaćincitar
67%
pochyłośćinclinación
67%
pochylaćinclinar
67%
przemysłowyindustrial
67%
jasny, oświetlonyluminoso
67%
ramamarco
67%
minimalistycznyminimalista
67%
optymalizowaćoptimizar
67%
przesatrzała ścianapared fechada
67%
parkiet (podłoga)parqué
67%
bezpiecznikiplomos
67%
przekładaćposponer
67%
domniemaniepresunción
67%
punkt wyjściapunto de partida
67%
pojemnik, naczynierecipiente
67%
restrukturyzowaćreestructurar
67%
przebudowaćremodelar
67%
skalnyrupestre
67%
przypuszczeniesuposición
67%
taborettaburete
67%
ruratubería
67%
duże oknoventanal
67%
porozumienieacuerdo de
33%
nabywaćadquirir
33%
gościć 2alojar
33%
ozdoby na ścianieapliques en la pared
33%
balustrada, poręczbarandilla
33%
obciążeniecarga
33%
słodyczechuches
33%
narzutacubrecamas
33%
rozwiniętydesarrollado
33%
rozpowszechnionydifundido
33%
skuteczne, efektywneeficaces
33%
elektryczny, różnorodnyeléctrico
33%
zobowiązanie, determinacjaempeño
33%
godny pochwałyencomiable
33%
skupiaćenfocar
33%
sprawiedliwy, równyequitativo
33%
skąpićescatimar
33%
wiernyfiel
33%
zlew ze stalifregadero de acero
33%
umiejętnościhabilidades
33%
wrodzonyinnato
33%
włącznik światłainterruptor
33%
węch, zapacholfato
33%
tapetapapel pintado
33%
rozumowanierazonamiento
33%
przerwarecreo
33%
wydajnośćrendimiento
33%
przyjazny dla środowiskarespetuoso con el medio ambiente
33%
wskazywać drogęseñalar caminos
33%
podkreślaćsubrayar
33%
dotyktacto
33%
panele sosnowetarima de pino
33%
wzrokvista
33%
skupować, zawładnąćacaparar
0%
przytulny 2acogedor
0%
zwarciecortucircuito
0%
zniekształceniedistorción
0%
zniekształconydistorsionado
0%
zniekształcaćdistorsionar
0%
schody kręconeescalera de caracol
0%
niższośćinferioridad
0%

Score Distribution

Percentile by Number Answered

Percent of People with Each Score

Your Score History

You have not taken this quiz